00729nam a2200217Ia 4500003000900000008004100009040001600050080001600066100002700082245005300109260003900162300001400201490005200215650002500267650003300292650002800325650001900353942000700372999001500379952011700394IN-BaIIA211028s9999 xx 000 0 eng d cIIA Library a539.19bGRE aGreen, Herbert S97009 4aThe molecular theory of fluidscHerbert S. Green aNew YorkbDover Publicationsc1969 aix, 264p. aDover books on physics and mathematical physics aMolecular flow97010 aMolecular interactions94005 aMolecular physics91914 aNASA thesaurus cBK c3953d3953 00104070aBANbBANcGENd1972-08-08g18.57l0o539.19/ GREp4415r2021-11-05v18.57w1972-08-08yBKGRs. 18.57